banner-ar

نظم الفاطمين ورسومهم فى مصر / (Record no. 58702)

MARC details
000 -الفاتح
حقل البيانات ثابتة الطول 00769nam a2200229Ia 4500
005 - وقت وتاريخ اخر تعامل مع التسجيلة
رقم الضبط 20240530110121.0
008 - عناصر البيانات ثابتة الطول - معلومات عامة
حقل البيانات ثابتة الطول 140319s9999 xx 000 0 ara d
040 ## - مصدر الفهرسة
وكالة الفهرسة الأصلية GCL /
وكالة النسخ GCL
082 04 - رقم تصنيف ديوى العشرى
رقم التصنيف 953.08
رقم المادة ع ن
100 1# - المدخل الرئيسى - إسم شخصى
الإسم الشخصى عبدالمنعم ماجد
245 10 - بيان العنوان
العنوان نظم الفاطمين ورسومهم فى مصر /
بيان المسئوليه,etc عبدالمنعم ماجد
246 ## - العنوان الموازى
عنوان صحيح/عنوان مختصر =INSTITUTIONS ET CEREMONIAL DES FATIMIDES EN EGYTBTE
250 ## - بيان الطبعة
بيان الطبعة الثالثة
بقية بيان الطبعة مزيدة ومنقحة
260 ## - PUBLICATION, DISTRIBUTION, ETC. (IMPRINT)
تاريخ النشر أو التوزيع 1985
300 ## - الوصف المادى
التعداد 2 مجلد ؛
أبعاد الوعاء 24 سم
650 04 - المدخل الاضافى بالموضوع-مصطلح موضوعى
مصطلح موضوعي مصر
650 04 - المدخل الاضافى بالموضوع-مصطلح موضوعى
مصطلح موضوعي تاريخ
650 04 - المدخل الاضافى بالموضوع-مصطلح موضوعى
مصطلح موضوعي الدولة الفاطمية
700 ## - المدخل الاضافى - اسم شخصى
الإسم الشخصى عبدالمنعم ماجد
942 ## - عناصر المدخل الإضافي( كوها)
مصدر التصنيف او مخطط الترفيف Dewey Decimal Classification
Koha [default] item type كتاب
260 ## - PUBLICATION, DISTRIBUTION, ETC. (IMPRINT)
-- القاهرة :
-- مكتبة الانجلوالمصرية ،
Holdings
حالة التراجع حالة الفقد حالة تلف ليس للاعارة المكان المؤقت الموقع الحالى تاريخ الاكتساب اجمالي اﻻعارات رقم الطلب الباركود تاريخ اخر مشاهدة تاريخ تفعيل السعر نوع وعاء كوها
        مكتبة القاهرة الكبرى مكتبة القاهرة الكبرى 03/26/2014   953.082 ق/ع ن 152183 03/26/2014 03/26/2014 كتاب
        مكتبة القاهرة الكبرى مكتبة القاهرة الكبرى 03/26/2014   953.082 ق/ع ن 152184 03/26/2014 03/26/2014 كتاب
        مكتبة القاهرة الكبرى مكتبة القاهرة الكبرى 03/26/2014   953.082 ق/ع ن 152185 03/26/2014 03/26/2014 كتاب
        مكتبة القاهرة الكبرى مكتبة القاهرة الكبرى 03/26/2014   953.082 ق/ع ن 152186 03/26/2014 03/26/2014 كتاب
        مكتبة القاهرة الكبرى مكتبة القاهرة الكبرى 03/26/2014   953.082 ق/ع ن 152187 03/26/2014 03/26/2014 كتاب

Powered By

EGPV